[Event "RSA-chB (Women)"]
[Site "Cape Town"]
[Date "2019.12.13"]
[Round "4"]
[White "Yacoob, Ameera Nazley"]
[Black "Eyberg, Zoe"]
[Result "1-0"]
[WhiteElo "1053"]
[BlackElo "1181"]
[PlyCount "79"]
[EventDate "2019.12.07"]
[EventType "tourn"]
[EventRounds "6"]
[EventCountry "RSA"]
[SourceTitle "CBM 193 Extra"]
[Source "ChessBase"]
[SourceDate "2020.01.31"]
[SourceVersion "1"]
[SourceVersionDate "2020.01.31"]
[SourceQuality "1"]

1. e4 c5 2. Nf3 d6 3. c3 Nc6 4. d4 cxd4 5. cxd4 Nf6 6. Nc3 Bg4 7. Be2 e6 8. h3 Bxf3 9. Bxf3 Qb6 10. d5 Ne5 11. 0-0 Be7 12. dxe6 fxe6 13. Rb1 0-0 14. Be2 a6 15. Be3 Qc6 16. Qd4 Rac8 17. Rbc1 Nc4 18. Nb1 b5 19. b3 e5 20. Qd3 Rc7 21. bxc4 bxc4 22. Qxc4+ Qxc4 23. Rxc4 Rfc8 24. Rfc1 Bd8 25. Nd2 Kf8 26. Rxc7 Rxc7 27. Rxc7 Bxc7 28. Bxa6 Ba5 29. Nc4 Bb4 30. Bb7 Ke7 31. f4 exf4 32. Bxf4 Nd7 33. Bg5+ Kf8 34. Be3 h6 35. g4 Nc5 36. Bxc5 Bxc5+ 37. Kf1 Ke7 38. a4 Kd7 39. e5 dxe5 40. Nxe5+ 1-0

[Event "RSA-ch U14 Girls"]
[Site "Bloemfontein"]
[Date "2016.03.26"]
[Round "11"]
[White "Eyberg, Zoe"]
[Black "Moodley, Santham"]
[Result "0-1"]
[WhiteElo "1026"]
[BlackElo "1192"]
[PlyCount "92"]
[EventDate "2016.03.20"]
[EventType "swiss"]
[EventRounds "11"]
[EventCountry "RSA"]
[SourceTitle "CBM 171 Extra"]
[Source "ChessBase"]
[SourceDate "2016.04.26"]
[SourceVersion "1"]
[SourceVersionDate "2016.04.26"]
[SourceQuality "1"]

1. e4 e5 2. Nf3 Nc6 3. Bb5 a6 4. Bxc6 dxc6 5. Nc3 Bd6 6. d3 h6 7. Be3 Nf6 8. 0-0 0-0 9. h3 Re8 10. Qd2 Kh7 11. Rfe1 Bd7 12. a3 Qc8 13. Qe2 Re6 14. g3 Re7 15. h4 Bg4 16. Rad1 Bh5 17. Kg2 Qg4 18. Nh2 Qxe2 19. Nxe2 Bg4 20. Nxg4 Nxg4 21. Bd2 Bc5 22. f3 Ne3+ 23. Bxe3 Bxe3 24. d4 Rd8 25. c3 c5 26. dxe5 Rxd1 27. Rxd1 c4 28. Nd4 Rxe5 29. Kh3 Re8 30. Re1 Bxd4 31. cxd4 Kg6 32. f4 f6 33. e5 Kf5 34. Kg2 g5 35. hxg5 hxg5 36. Rf1 Re6 37. fxg5+ Kxg5 38. Rxf6 Rxf6 39. exf6 Kxf6 40. Kf3 Kg5 41. g4 b5 42. d5 a5 43. Kg3 b4 44. Kf2 Kxg4 45. Ke2 Kf4 46. Kd2 Ke4 0-1